<?xml version="1.0" encoding="UTF-8"?>
<record
    xmlns:xsi="http://www.w3.org/2001/XMLSchema-instance"
    xsi:schemaLocation="http://www.loc.gov/MARC21/slim http://www.loc.gov/standards/marcxml/schema/MARC21slim.xsd"
    xmlns="http://www.loc.gov/MARC21/slim">

  <leader>00735nam a22002177a 4500</leader>
  <controlfield tag="003">NUST</controlfield>
  <controlfield tag="005">20260430123234.0</controlfield>
  <controlfield tag="008">260430b           ||||| |||| 00| 0 eng d</controlfield>
  <datafield tag="020" ind1=" " ind2=" ">
    <subfield code="a">0-7458-0528-0</subfield>
  </datafield>
  <datafield tag="082" ind1=" " ind2=" ">
    <subfield code="a">546.6836</subfield>
    <subfield code="b">SIL</subfield>
  </datafield>
  <datafield tag="100" ind1=" " ind2=" ">
    <subfield code="a">J.Y. Corey</subfield>
    <subfield code="9">134302</subfield>
  </datafield>
  <datafield tag="245" ind1=" " ind2=" ">
    <subfield code="a">Silicon Chemistry </subfield>
    <subfield code="c">J.Y. Corey E.R. Corey, P.P. Gaspar</subfield>
  </datafield>
  <datafield tag="260" ind1=" " ind2=" ">
    <subfield code="a">England</subfield>
    <subfield code="b">Ellis Horwood Limited</subfield>
    <subfield code="c">1988</subfield>
  </datafield>
  <datafield tag="300" ind1=" " ind2=" ">
    <subfield code="a">565p.</subfield>
    <subfield code="b">Hb</subfield>
  </datafield>
  <datafield tag="440" ind1=" " ind2=" ">
    <subfield code="a">Silicon Chemistry </subfield>
    <subfield code="9">134303</subfield>
  </datafield>
  <datafield tag="505" ind1=" " ind2=" ">
    <subfield code="r">J.Y. Corey E.R. Corey, P.P. Gaspar</subfield>
    <subfield code="t">Silicon Chemistry </subfield>
  </datafield>
  <datafield tag="590" ind1=" " ind2=" ">
    <subfield code="6">Donated By Prof. Muhammad Mazhar</subfield>
  </datafield>
  <datafield tag="600" ind1=" " ind2=" ">
    <subfield code="a">J.Y. Corey E.R. Corey, P.P. Gaspar</subfield>
    <subfield code="9">134304</subfield>
  </datafield>
  <datafield tag="700" ind1=" " ind2=" ">
    <subfield code="a">J.Y. Corey E.R. Corey, P.P. Gaspar</subfield>
    <subfield code="9">134304</subfield>
  </datafield>
  <datafield tag="942" ind1=" " ind2=" ">
    <subfield code="2">ddc</subfield>
    <subfield code="c">BK</subfield>
    <subfield code="k">546.6836</subfield>
    <subfield code="m">546.6836 SIL 1988</subfield>
  </datafield>
  <datafield tag="999" ind1=" " ind2=" ">
    <subfield code="c">617276</subfield>
    <subfield code="d">617276</subfield>
  </datafield>
  <datafield tag="952" ind1=" " ind2=" ">
    <subfield code="0">0</subfield>
    <subfield code="1">0</subfield>
    <subfield code="2">ddc</subfield>
    <subfield code="4">0</subfield>
    <subfield code="7">0</subfield>
    <subfield code="a">SNS</subfield>
    <subfield code="b">SNS</subfield>
    <subfield code="c">GEN</subfield>
    <subfield code="d">2026-04-30</subfield>
    <subfield code="j">7</subfield>
    <subfield code="l">0</subfield>
    <subfield code="o">546.6836 SIL</subfield>
    <subfield code="p">SNS0003241</subfield>
    <subfield code="r">2026-04-30</subfield>
    <subfield code="w">2026-04-30</subfield>
    <subfield code="y">BK</subfield>
  </datafield>
</record>
